A nagging sense of job insecurity : (Record no. 16310)

000 -LEADER
fixed length control field 00678cam a2200193 a 4500
040 ## - CATALOGING SOURCE
Transcribing agency HWE
041 1# - LANGUAGE CODE
Language code of original and/or intermediate translations of text jpn
082 00 - DEWEY DECIMAL CLASSIFICATION NUMBER
Classification number 331 INT 2005 A089 Or.
100 1# - MAIN ENTRY--AUTHOR NAME
Personal name Genda, Yūji,
245 12 - TITLE STATEMENT
Title A nagging sense of job insecurity :
Remainder of title the new reality facing Japanese youth /
250 ## - EDITION STATEMENT
Edition statement 1st English ed.
260 ## - PUBLICATION, DISTRIBUTION, ETC. (IMPRINT)
Place of publication Tokyo, Japan :
Name of publisher International House of Japan,
Year of publication 2005
300 ## - PHYSICAL DESCRIPTION
Number of Pages xii, 203 p. :
Other physical details ill. ;
Dimensions 24 cm.
500 ## - GENERAL NOTE
General note This book was originally published in 2001 by Chuokoron-Shinsha, Inc., under the title "Shigoto no Naka no Aimai no Fuan"
650 #0 - SUBJECT ADDED ENTRY--TOPICAL TERM
Topical Term Youth
700 1# - ADDED ENTRY--PERSONAL NAME
Personal name Hoff, Jean.
856 41 - ELECTRONIC LOCATION AND ACCESS
Uniform Resource Identifier http://www.loc.gov/catdir/toc/fy0606/2006360515.html
942 ## - ADDED ENTRY ELEMENTS (KOHA)
Koha item type សៀវភៅភាសាអង់គ្លេស
952 ## - LOCATION AND ITEM INFORMATION (KOHA)
Withdrawn status [LOCAL, KOHA] 0
Holdings
Permanent Location Date acquired Koha item type Lost status Shelving location Barcode Current Location Full call number
Library Block A2018-02-06សៀវភៅភាសាអង់គ្លេស A089A23925Library Block A331 INT 2005 A089 Or.
មជ្ឈមណ្ឌលឯការនៃសាកលវិទ្យាល័យភូមិន្ទកសិកម្មចំការដូង

Powered by Koha